Croner's facilities management : records and procedures. (Record no. 100520)

MARC details
000 -LEADER
fixed length control field 00826cam a2200205 4500
008 - FIXED-LENGTH DATA ELEMENTS--GENERAL INFORMATION
fixed length control field 000000n2000 000 0 eng u
020 ## - INTERNATIONAL STANDARD BOOK NUMBER
International Standard Book Number 1855245469
035 ## - SYSTEM CONTROL NUMBER
System control number (Sirsi) u106118
050 ## - LIBRARY OF CONGRESS CALL NUMBER
Classification number 658.2
245 ## - TITLE STATEMENT
Title Croner's facilities management : records and procedures.
260 ## - PUBLICATION, DISTRIBUTION, ETC.
Place of publication, distribution, etc. Kingston upon Thames
Name of publisher, distributor, etc. Croner
Date of publication, distribution, etc. 2000
300 ## - PHYSICAL DESCRIPTION
Extent 1v. (loose-leaf) ; 30cm.
520 ## - SUMMARY, ETC.
Summary, etc. This looseleaf is up-to-date as at August 2009. We have cancelled our subscription and will remove this title from our collection when it becomes out-of-date. Please ask a member of staff for more details.
650 ## - SUBJECT ADDED ENTRY--TOPICAL TERM
Topical term or geographic name entry element BUILT ENVIRONMENT-BUILDING MAINTENANCE AND REFURBISHMENT
650 ## - SUBJECT ADDED ENTRY--TOPICAL TERM
Topical term or geographic name entry element FINANCIAL MANAGEMENT
650 ## - SUBJECT ADDED ENTRY--TOPICAL TERM
Topical term or geographic name entry element BENCHMARKING
650 ## - SUBJECT ADDED ENTRY--TOPICAL TERM
Topical term or geographic name entry element BUSINESS CONTINUITY MANAGEMENT
690 ## - LOCAL SUBJECT ADDED ENTRY--TOPICAL TERM (OCLC, RLIN)
Topical term or geographic name as entry element FACILITIES MANAGEMENT
9 (RLIN) 6240
942 ## - ADDED ENTRY ELEMENTS (KOHA)
Suppress in OPAC 0
Holdings
Withdrawn status Lost status Source of classification or shelving scheme Damaged status Not for loan Home library Current library Shelving location Date acquired Total Checkouts Full call number Barcode Date last seen Date last checked out Copy number Price effective from Koha item type
    Dewey Decimal Classification     London London Folio 30/05/2000 7 F658.2 CRO 30061367 06/08/2019 18/08/2014 1 06/08/2019 Book